Rural economy of India (Record no. 35863)

MARC details
000 -LEADER
fixed length control field 00327nam a2200133Ia 4500
082 ## - DEWEY DECIMAL CLASSIFICATION NUMBER
Classification number 332.021.8(540)
Item number SHA
100 ## - MAIN ENTRY--AUTHOR NAME
Personal name DESAI, V V
245 #0 - TITLE STATEMENT
Title Rural economy of India
260 ## - PUBLICATION, DISTRIBUTION, ETC. (IMPRINT)
Place of publication New Delhi
Name of publisher Vikas
Year of publication 1980
650 ## - SUBJECT ADDED ENTRY--TOPICAL TERM
Topical Term Rural economy
700 ## - ADDED ENTRY--PERSONAL NAME
Personal name SHARMA, D P
942 ## - ADDED ENTRY ELEMENTS (KOHA)
Koha item type Books
Holdings
Withdrawn status Lost status Damaged status Not for loan Home library Current library Date acquired Full call number Accession Number Koha item type
        RRII Library RRII Library 16/12/2021 332.021.8(540) SHA 16283 Books